bien sur que uiiii un quiz de réf - Statistiques

Statistiques générales
  • Ce quiz a été pris 77 fois
  • Le résultat moyen est 4 sur 15
Statistiques - réponses
Par images Réponse % Correct
rendez les bijoux de la couronne
72%
oh putain laurent
63%
mon sac est fait
50%
pas le temps de niaiser
43%
la mariée en bleu
26%
que tu reviennes
26%
j’ai des connaissances en chimie
24%
attention grenade
21%
au dodo annick
19%
caméra
10%
au nom du ciel éternel
9%
les chaises
9%
partie par partie
9%
dans 20 ou 30 ans
3%
on va se faire défoncer
0%
Aucun quiz correspondant
Distribution des résultats
% des personnes avec chaque résultat
Percentile par nombre de réponses
Votre historique - résultats
Vous n’avez pas pris ce quiz